000 01001nam a22002175i 4500
001 176741
003 ES-MaACL
005 20230906220154.0
008 110207s1961 fr |||| | fre d
080 _a637.5:658.86/.87
245 0 0 _aOrganisation des marchés de gros de la viande en Europe
_b: projet nº 5/31-IA.
260 _a[Paris] :
_bAgence Européenne de Productivité, Division de l'action technique et de la productivité dans l'agriculture et l'alimentation, Organisation Européenne de Coopération Économique,
_c1961.
300 _a66 p. ;
_c24 cm.
490 1 _aAlimentation et agriculture documentation. Série 1961 ;
_v42
546 _aTexto en francés.
650 0 4 _aCarne-
_xComercialización.
_9145053
710 0 _aOrganización de Cooperación y Desarrollo Económico.
_bAgencia Europea de Productividad.
_96056
830 0 _aAlimentation et agriculture documentation. Série 1961 ;
_v42
_9190217
852 _aES-MaACL
_jE-14201
_xOlim P-969-bis
999 _c176741
_d176741